Impact of row-planting adoption on productivity of rice farming in northern Ghana

Dopad zavedenia technológie riadkovej výsadby na produkciu ryže. Skúmaných bolo 470 ryžových fariem v severnej Ghane.

Saved in:
Bibliographic Details
Main Author: Donkor, Emmanuel
Format: Book Chapter
Language:English
Subjects:
Tags: Add Tag
No Tags, Be the first to tag this record!

MARC

LEADER 00000nla a2200000 4500
001 0235083
005 20240417075125.3
041 0 |a eng 
044 |a SK 
245 1 0 |a Impact of row-planting adoption on productivity of rice farming in northern Ghana  |c Emmanuel Donkor ... [et al.] 
520 |a Dopad zavedenia technológie riadkovej výsadby na produkciu ryže. Skúmaných bolo 470 ryžových fariem v severnej Ghane. 
610 2 0 |a ryža 
610 2 0 |a produkcia 
610 2 0 |a technológia 
610 2 0 |a Ghana 
100 1 |a Donkor, Emmanuel